000 01705nam a22002537a 4500
999 _c57040
_d57040
003 Ge_BSU
005 20191030161038.0
008 191030s2018 ge ||||| |||| 00| 0 geo d
020 _a9789941802737
041 _ageo
080 _a39(038) ქ-27
245 _aქართველი ხალხის ეთნოლოგიური ლექსიკონი : აჭარა /
_cავტორ-შემდგენელნი: ნუგზარ მგელაძე ; თემურ ტუნაძე ; ლია მელიქიშვილი [სხვ.] რედ : როინ მეტრეველი.
264 _aთბილისი :
_b"სამშობლო",
_c2018.
300 _a640 გვ. :
_bილ., ფოტ. ;
_c30 სმ.
505 _aბიბლიოგრ.: გვ. 631-640.
520 _aთავფურცლის მე-2 გვერდი ინგლ. ენაზე.
653 _aქართული ეთნოლოგია -- ლექსიკონები. აჭარის ეთნოლოგია.
700 _a მგელაძე, ნუგზარ
_95120
700 _aტუნაძე, თემურ
_95121
700 _aმელიქიშვილი, ლია
_9159
700 _aმეტრეველი, როინ
_eრედაქტორი
_95122
710 _eბათუმის შოთა რუსთაველის სახელმწ. უნ-ტი, ჰუმანიტარულ მეცნიერებათა ფაკ-ტი, ქართველოლოგიური კვლევის ცენტრი
_95123
942 _2udc
_cBK